Statistiques concernant Les 5 fines herbes

Cliquez ici pour prendre le quiz!

Statistiques générales

  • Ce quiz a été pris 113 fois
  • Le résultat moyen est 2 sur 5

Statistiques - réponses

Fines herbes% Correct
4Persil
96%
2Ciboulette
78%
1Cerfeuil
29%
3Estragon
26%
5Pimprenelle
6%

Distribution des résultats

Percentile par nombre de réponses

% des personnes avec chaque résultat

Votre développement - résultats

Vous n’avez pas pris ce quiz